Human Resources in Public Administration

Ľudské zdroje v prostredí verejnej správy. Problematika byrokracie. Byrokracia vo vyspelých krajinách sveta. Zamestnanosť vo verejnej správe.

Guardado en:
Detalles Bibliográficos
Autor principal: Klierová, Martina
Formato: Capítulo de libro
Lenguaje:inglés
Materias:
Etiquetas: Agregar Etiqueta
Sin Etiquetas, Sea el primero en etiquetar este registro!

MARC

LEADER 00000nla a2200000 4500
001 0248082
005 20250730115417.2
041 0 |a eng 
044 |a SK 
245 1 0 |a Human Resources in Public Administration  |c Martina Klierová 
520 |a Ľudské zdroje v prostredí verejnej správy. Problematika byrokracie. Byrokracia vo vyspelých krajinách sveta. Zamestnanosť vo verejnej správe. 
610 2 0 |a správa verejná 
610 2 0 |a zdroje ľudské 
610 2 0 |a byrokracia 
610 2 0 |a zamestnanosť 
610 2 0 |a porovnanie medzinárodné 
610 2 0 |a krajiny vyspelé 
100 1 |a Klierová, Martina